| 000 | 00000nam##2200000za#4500 |
| 001 | 9.695274 |
| 003 | CaOODSP |
| 005 | 20210624234512 |
| 007 | cr ||||||||||| |
| 008 | 150407|2002||||xxc|||||o f|0| 0 eng|d |
| 040 | |aCaOODSP|beng |
| 043 | |an-cn--- |
| 086 | 1 |aCC172-27/2002E-PDF |
| 110 | 2 |aCanadian Nuclear Safety Commission. |
| 245 | 10|aConvention on Nuclear Safety, second review meeting, April 2002 : |h[electronic resource]|bresponses to questions presented to Canada |
| 260 | |aOttawa - Ontario : |bCanadian Nuclear Safety Commission |cJuly 2002. |
| 300 | |a37p.|btables |
| 590 | |a11-28-Supp|b2011-11-17 |
| 775 | 08|tConvention sur la sûreté nucléaire, deuxième réunion d'examen – avril 2002 : |w(CaOODSP)9.639422 |
| 856 | 40|ahttp://publications.gc.ca|qPDF|s332 KB|uhttps://publications.gc.ca/collections/collection_2011/ccsn-cnsc/CC172-27-2002-eng.pdf |